000 00765nam a22002537a 4500
001 7969
003 FISKH
005 20250815120138.0
008 250815b cb ||||| |||| 00| 0 eng d
040 _aFISKH
_beng
_cFISKH
_dFISKH
050 _aQL737.U53
082 _a599
100 _aGoodall, Jane
245 _aWildebeest family /
_cJane Goodall
260 _aOntario :
_bMadison,
_c1991.
300 _a26 unnumbered pages :
_bcolor illustrations ;
_c16 cm
505 _aJ
520 _aFollows a herd of wildebeest (gnus) through the round of its daily activities and explores the relationship between members.
521 8 _a530
_bLexile estimate
521 8 _aJ
_bRaz-Plus
650 _aWildebeest
942 _2ddc
_cBK
_n0
999 _c7969
_d7969